Global Journal of Research in Management (Record no. 9916)
[ view plain ]
| 000 -LEADER | |
|---|---|
| fixed length control field | 00466nam a22001217a 4500 |
| 003 - CONTROL NUMBER IDENTIFIER | |
| control field | OSt |
| 008 - FIXED-LENGTH DATA ELEMENTS--GENERAL INFORMATION | |
| fixed length control field | 201203b ||||| |||| 00| 0 eng d |
| 245 ## - TITLE STATEMENT | |
| Title | Global Journal of Research in Management |
| 250 ## - EDITION STATEMENT | |
| Edition statement | 2014(Jun Vol.4 No.1, Dec Vol.4 No.2) 2015(Jun Vol.5 No.1, Dec Vol.5 No.2) 2016(Jun Vol.6 No.1) |
| 260 ## - PUBLICATION, DISTRIBUTION, ETC. (IMPRINT) | |
| Name of publisher, distributor, etc | Shrimad Rajchandra Institute of Management and Computer Application, UKA Tarsadia University |
| Place of publication, distribution, etc | Surat, Gujarat |
| 650 ## - SUBJECT ADDED ENTRY--TOPICAL TERM | |
| Topical term or geographic name as entry element | Management |
| 942 ## - ADDED ENTRY ELEMENTS (KOHA) | |
| Source of classification or shelving scheme | Dewey Decimal Classification |
| Koha item type | BOUND VOLUME |
| Withdrawn status | Lost status | Source of classification or shelving scheme | Materials specified (bound volume or other part) | Damaged status | Not for loan | Collection code | Home library | Current library | Date acquired | Source of acquisition | Serial Enumeration / chronologySerial Enumeration / Volume No. | Total Checkouts | Acc. no. / Barcode | Date last seen | Bill Date | Koha item type |
|---|---|---|---|---|---|---|---|---|---|---|---|---|---|---|---|---|
| Dewey Decimal Classification | Bound Volume | Not For Loan | MBA | PIET C-LIBRARY | PIET C-LIBRARY | 16/12/2020 | Shrimad Rajchandra Institute of Management and Computer Application, UKA Tarsadia University | 2014(Jun Vol.4 No.1, Dec Vol.4 No.2) 2015(Jun Vol.5 No.1, Dec Vol.5 No.2) 2016(Jun Vol.6 No.1) | BV651 | 16/12/2020 | 09/01/2014 | BOUND VOLUME |